000 00866nam a22002657a 4500
001 BR7603088
003 BR-BrBNA
005 20230928085016.0
007 ta
008 230509b bl.||||| |||| 00| 0 por d
040 _aBR-BrBNA
_bpor
_cBiblioteca Nacional de Agricultura
041 _a(Por)
072 _aD50; L30
_b/G514
090 _ D50 BR7603088
110 1 _aDepartamento Nacional de Producao Animal, Brasilia, DF (Brasil);
_93357
110 1 _aDiv. de Nutricao Animal e Agrostologia
245 1 _aRegulamento de inspecao e fiscalizacao obrigatorias dos produtos destinados a alimentacao animal (Decreto no. 76.986, de 06.01.76)[Brasil]
260 3 _aBrasilia, DF (Brasil):
_c1976.
300 _a29 p.
650 _aLEGISLACAO
650 _aNUTRICAO ANIMAL
650 _aINSPECAO SANITARIA
909 _a202309
_bLucia
_c55
_dLucia Elande
942 _cBK
999 _c22366
_d22366